[Event "Najdorf Memorial"]
[Site "Warsaw POL"]
[Date "2024.07.15"]
[Round "7.40"]
[White "Majocha, Piotr"]
[Black "Zaninotto, Franco"]
[Result "1/2-1/2"]
[WhiteElo "2066"]
[BlackElo "1961"]

1. Nf3 Nf6 2. c4 e6 3. g3 d5 4. Bg2 d4 5. O-O c5 6. d3 Nc6 7. e3 Bd6 8.
exd4 cxd4 9. Na3 O-O 10. Nc2 e5 11. Rb1 a5 12. b3 h6 13. a3 Bf5 14. b4 axb4
15. axb4 Qd7 16. b5 Ne7 17. Re1 Ng6 18. Rb3 Rfe8 19. Ba3 Bxa3 20. Rxa3 Qd6
21. Rxa8 Rxa8 22. Bf1 Nd7 23. Nd2 Nc5 24. Qf3 Qd7 25. Ra1 Rxa1 26. Nxa1 Bg4
27. Qg2 Bf5 28. Qf3 Bg4 1/2-1/2

[Event "Najdorf Memorial"]
[Site "Warsaw POL"]
[Date "2024.07.15"]
[Round "7.41"]
[White "Szymkiewicz, Witold"]
[Black "Hury, Tymoteusz"]
[Result "1/2-1/2"]
[WhiteElo "2054"]
[BlackElo "1954"]

1. d4 Nf6 2. c4 g6 3. Nc3 Bg7 4. e4 d6 5. h3 O-O 6. Be3 Nc6 7. Nf3 e5 8. d5
Nd4 9. Nxd4 exd4 10. Bxd4 Re8 11. Bd3 c5 12. dxc6 bxc6 13. O-O Rb8 14. Rb1
Qa5 15. f4 c5 16. Be3 Bb7 17. Qc2 Qd8 18. Rfe1 Nh5 19. g4 Nf6 20. Bf2 Nd7
21. Rbd1 Nf8 22. Bf1 Ne6 23. Nb5 Qa5 24. f5 Nd4 25. Nxd4 cxd4 26. b3 Rbc8
27. Bg2 Rc7 28. Qd2 Qa6 29. Bxd4 Bxd4+ 30. Qxd4 Qxa2 31. Qxd6 Rce7 32. Qd3
Bc6 33. Qc3 Qa6 34. Rd6 Qb7 35. Qd4 Qb4 36. Re3 Qb7 37. b4 a6 38. Kh1 Bxe4
39. Bxe4 Rxe4 40. Rxe4 Rxe4 41. Rd8+ Re8+ 42. Kg1 Qe7 43. Rxe8+ Qxe8 44.
Kf1 Qb8 45. c5 Qa8 46. Kf2 Qb8 47. f6 h6 48. Kf3 Qh2 49. Qd8+ Kh7 50. Qe7
Qxh3+ 51. Kf2 Qb3 52. c6 Qc2+ 53. Ke3 Qc3+ 54. Kf4 Qd4+ 55. Kf3 Qc3+ 56.
Ke2 Qc2+ 57. Ke1 Qc1+ 58. Kf2 Qc2+ 59. Ke1 1/2-1/2

[Event "Najdorf Memorial"]
[Site "Warsaw POL"]
[Date "2024.07.15"]
[Round "7.42"]
[White "Dobosiewicz, Dawid"]
[Black "Chachere, Theodore"]
[Result "1/2-1/2"]
[WhiteElo "2028"]
[BlackElo "1947"]

1. d4 Nf6 2. c4 e6 3. Nf3 b6 4. g3 Ba6 5. Qc2 c5 6. d5 exd5 7. cxd5 d6 8.
e4 Bxf1 9. Kxf1 g6 10. Nc3 Bg7 11. Kg2 O-O 12. Nd2 a6 13. a4 Nbd7 14. Nc4
Ne8 15. f4 f5 16. exf5 gxf5 17. Re1 Rf7 18. Rxe8+ Qxe8 19. Nxd6 Qe7 20.
Nxf7 Qxf7 21. Qd3 Rd8 22. Be3 Nb8 23. Rd1 Nc6 24. Qe2 Nb4 25. Bf2 Bxc3 26.
bxc3 Nxd5 27. c4 Re8 28. Qd3 Nb4 29. Qc3 Qe6 30. Kg1 Qc6 31. Rd2 Kf7 32. a5
bxa5 33. Qa1 a4 34. Qd1 a3 35. Rd7+ Kg8 36. Ra7 a2 37. Qa1 Qg6 38. Kf1 Re6
39. Ra8+ Kf7 40. Ra7+ Kg8 41. Ra8+ Re8 42. Ra7 Rd8 43. Kg1 Qg4 44. Kg2 Nd3
45. Be3 Qe2+ 46. Kh3 Qg4+ 47. Kg2 Qe2+ 48. Kh3 Qb2 49. Qxb2 Nxb2 50. Rxa6
Nxc4 51. Bxc5 Rd5 52. Bb4 Ra5 53. Rxa5 Nxa5 54. Bc3 Nb3 55. Kh4 h6 56. Kh5
Kh7 57. g4 fxg4 58. f5 a1=Q 59. Bxa1 Nxa1 60. f6 Nc2 61. f7 Kg7 62. f8=Q+
Kxf8 63. Kxh6 Kf7 64. Kg5 Ne3 65. Kf4 1/2-1/2

[Event "Najdorf Memorial"]
[Site "Warsaw POL"]
[Date "2024.07.15"]
[Round "7.43"]
[White "Kulpa, Zuzanna"]
[Black "Dalkowski, Rafal"]
[Result "1-0"]
[WhiteElo "1954"]
[BlackElo "2101"]

1. e4 c5 2. Nf3 g6 3. d4 cxd4 4. Qxd4 Nf6 5. e5 Nc6 6. Qa4 Nd5 7. Qe4 Nb6
8. Nc3 Bg7 9. Bf4 d5 10. exd6 Bf5 11. Qe3 O-O 12. O-O-O exd6 13. Rxd6 Qc8
14. Bh6 Re8 15. Qd2 Bh8 16. Bb5 Re6 17. Rd1 Rxd6 18. Qxd6 Be6 19. Bxc6 bxc6
20. Ne5 Bg7 21. Bxg7 Kxg7 22. Nxc6 Nc4 23. Qd4+ f6 24. Qc5 Bf7 25. Rd8 Qxd8
26. Nxd8 Rxd8 27. b3 Nb6 28. Ne4 Rd7 29. c4 Be6 30. Qc6 Re7 1-0

[Event "Najdorf Memorial"]
[Site "Warsaw POL"]
[Date "2024.07.15"]
[Round "7.44"]
[White "Matskevich, Varvara"]
[Black "Bergan, Gaute"]
[Result "1-0"]
[WhiteElo "1946"]
[BlackElo "2027"]

1. d4 d5 2. c4 e6 3. Nc3 Nf6 4. Nf3 Be7 5. Bg5 O-O 6. e3 Nbd7 7. cxd5 exd5
8. Bd3 c6 9. O-O h6 10. Bf4 Ne8 11. Qc2 Bd6 12. Ne2 Ndf6 13. h3 Nh5 14. Be5
f5 15. Rab1 Bd7 16. b4 Rc8 17. Nc3 Be6 18. Qe2 b6 19. Rfd1 Nhf6 20. b5 c5
21. dxc5 bxc5 22. Qc2 Ne4 23. Ne2 Nxf2 24. Kxf2 c4 25. Nf4 cxd3 26. Qxd3
Bf7 27. Rd2 Bxe5 28. Nxe5 Nd6 29. Kg1 Ne4 30. Rdb2 Rc3 31. Qd4 Ra3 32. Rc1
Qa5 33. Nxf7 Rxf7 34. Qxd5 Rc3 35. Rf1 Rxe3 36. Rc2 Rc3 37. Rxc3 Qxc3 38.
Nd3 Qd2 39. Rxf5 Nf6 40. Qc4 Qe3+ 41. Kh1 Kh8 42. Re5 Rc7 43. Qxc7 Qxd3 44.
Qxa7 Qf1+ 45. Qg1 Qf4 46. Qe3 Qh4 47. b6 Qb4 48. a4 Nh5 49. Re8+ Kh7 50.
Qe4+ Qxe4 51. Rxe4 Ng3+ 52. Kh2 Nxe4 53. b7 1-0

[Event "Najdorf Memorial"]
[Site "Warsaw POL"]
[Date "2024.07.15"]
[Round "7.45"]
[White "Dmochowska, Agnieszka"]
[Black "Delega, Tomasz"]
[Result "1-0"]
[WhiteElo "2013"]
[BlackElo "1973"]

1. d4 Nf6 2. c4 e6 3. Nc3 Bb4 4. e3 O-O 5. Bd3 c5 6. a3 Bxc3+ 7. bxc3 Nc6
8. Ne2 d6 9. e4 e5 10. d5 Na5 11. O-O b6 12. Ng3 Ba6 13. f4 Ne8 14. Nf5 Rc8
15. fxe5 dxe5 16. Nh6+ gxh6 17. Bxh6 Qh4 18. Bxf8 Kxf8 19. Rf5 Ng7 20. Rf2
Rc7 21. Qe2 Nb7 22. Raf1 Nd6 23. Rf6 Nde8 24. R6f3 Bc8 25. Qe3 Re7 26. R3f2
Bd7 27. g3 Qh5 28. Ra1 Ba4 29. Raf1 Qg6 30. Rf3 Bd7 31. R3f2 Bh3 32. Rb1
Nd6 33. a4 Nb7 34. Be2 Bd7 35. Rbf1 Ne8 36. Qd3 Ned6 37. Rf6 Qxe4 38. Qd2
Nf5 39. Rf3 Nbd6 40. Kg2 Nxc4 41. Bxc4 Qxc4 42. d6 Re8 43. R6xf5 Bxf5 44.
Qh6+ Kg8 45. Qg5+ Bg6 46. d7 Qxa4 47. dxe8=Q+ Qxe8 48. h4 h6 49. Qe3 Kg7
50. g4 Qe6 51. Rg3 Qd5+ 52. Kh2 Bc2 53. g5 h5 54. Rg2 Bd3 55. Rd2 c4 56.
Rd1 Qd6 57. Qg3 Qe6 58. Rg1 Kg6 59. Rg2 Bf5 60. Re2 Qd6 61. Rxe5 Qd2+ 62.
Kg1 Qd1+ 63. Kf2 Bd3 64. Qe3 Qc2+ 65. Kg1 Qxc3 66. Qf4 Qa1+ 67. Kh2 Qa2+
68. Kg3 c3 69. Qf6+ Kh7 70. Re8 1-0

[Event "Najdorf Memorial"]
[Site "Warsaw POL"]
[Date "2024.07.15"]
[Round "7.46"]
[White "Krasiewicz, Robert"]
[Black "Borowy, Cezary"]
[Result "0-1"]
[WhiteElo "2004"]
[BlackElo "1993"]

1. c4 e5 2. g3 d6 3. Bg2 f5 4. Nc3 Nf6 5. d3 Be7 6. e4 c6 7. Nge2 O-O 8.
O-O Be6 9. h3 fxe4 10. Nxe4 Nxe4 11. dxe4 Bxc4 12. Be3 c5 13. Rc1 Bf7 14.
f4 Nc6 15. Nc3 Nd4 16. Qd2 Bf6 17. f5 b5 18. b3 b4 19. Nd1 a5 20. Nb2 Be8
21. g4 h6 22. Kh1 Bb5 23. Rfd1 a4 24. Nxa4 Bxa4 25. bxa4 Rxa4 26. Bf1 Bg5
27. Bc4+ Kh7 28. Bxg5 Qxg5 29. Qxg5 hxg5 30. Kg2 Rfa8 31. Rd2 Ra3 32. Rf2
Rc3 33. Rff1 Raa3 34. Rxc3 Rxc3 35. Bd5 Rc2+ 36. Kg3 c4 37. h4 Rc3+ 38. Kg2
gxh4 39. g5 Rg3+ 40. Kh1 c3 41. f6 gxf6 42. gxf6 Rf3 43. Rb1 c2 0-1

[Event "Najdorf Memorial"]
[Site "Warsaw POL"]
[Date "2024.07.15"]
[Round "7.47"]
[White "Sypien, Natan"]
[Black "Harazinska, Magdalena"]
[Result "1-0"]
[WhiteElo "1985"]
[BlackElo "1969"]

1. e4 c5 2. Nf3 d6 3. d4 cxd4 4. Nxd4 Nf6 5. Nc3 a6 6. f3 e6 7. Be3 b5 8.
Qd2 Bb7 9. g4 Nfd7 10. O-O-O Nb6 11. Nb3 Qc7 12. a3 N8d7 13. Na5 Bc6 14.
Be2 Be7 15. h4 Rc8 16. Kb1 O-O 17. h5 d5 18. Nxc6 Qxc6 19. exd5 exd5 20.
Bd4 Rfd8 21. g5 Nc4 22. Bxc4 dxc4 23. g6 h6 24. gxf7+ Kxf7 25. Rhg1 Nf6 26.
Qf4 Bc5 27. Bxc5 Qxc5 28. Ne4 Rxd1+ 29. Rxd1 Qc7 30. Qf5 Rd8 31. Rg1 Rd5
32. Rxg7+ Kxg7 33. Qxf6+ Kg8 34. Qe6+ Qf7 35. Nf6+ Kg7 36. Qxf7+ Kxf7 37.
Nxd5 Ke6 38. Ne3 Kf6 39. f4 1-0

[Event "Najdorf Memorial"]
[Site "Warsaw POL"]
[Date "2024.07.15"]
[Round "7.48"]
[White "Bar, Klaudia"]
[Black "Maack, Kjartan"]
[Result "0-1"]
[WhiteElo "1982"]
[BlackElo "2066"]

1. e4 e6 2. d4 d5 3. Nc3 Be7 4. Nf3 Nf6 5. e5 Nfd7 6. Be3 b6 7. a4 Ba6 8.
Bxa6 Nxa6 9. O-O c5 10. Qe2 Nb4 11. a5 cxd4 12. Bxd4 bxa5 13. Ra4 O-O 14.
Rfa1 Nc6 15. b3 Qb8 16. Qe3 Rc8 17. Re1 Bb4 18. Rxb4 Qxb4 19. Ne2 Nxd4 20.
Nexd4 a4 21. bxa4 Qxa4 22. Qg5 Qb4 23. h4 h6 24. Qe3 a5 25. g4 Rc3 26. Qe2
Rc4 27. Qe3 Qc3 0-1

[Event "Najdorf Memorial"]
[Site "Warsaw POL"]
[Date "2024.07.15"]
[Round "7.49"]
[White "Lasota, Adam"]
[Black "Siennicki, Gustaw"]
[Result "1/2-1/2"]
[WhiteElo "1968"]
[BlackElo "2012"]

1. d4 Nf6 2. Bf4 d5 3. e3 c5 4. c3 e6 5. Nd2 Nc6 6. Ngf3 cxd4 7. exd4 Nh5
8. Bg5 f6 9. Bh4 g6 10. Be2 Nf4 11. O-O Nxe2+ 12. Qxe2 Bd6 13. Bg3 Bxg3 14.
hxg3 O-O 15. Rfe1 b6 16. Qe3 Bd7 17. Nb3 Ne7 18. Nc1 Nf5 19. Qd2 Qc7 20.
Nd3 Rae8 21. g4 Nd6 22. Qe2 g5 23. Nd2 a5 24. f3 Bb5 25. Qe3 Kg7 26. Kf2
Bxd3 27. Qxd3 f5 28. Qe3 Qd8 29. Qe5+ Kg8 30. gxf5 Rxf5 31. Qg3 b5 32. Re3
b4 33. Rae1 bxc3 34. bxc3 Qd7 35. Kg1 h6 36. Nb3 Nb7 37. Qh3 Rf6 38. Nc1
Nd6 39. Nd3 Nc4 40. Nc5 Qb5 41. Rxe6 Rfxe6 42. Rxe6 Qb1+ 43. Kh2 Qb8+ 44.
Qg3 Qxg3+ 45. Kxg3 Rxe6 46. Nxe6 Kf7 47. Nd8+ Ke7 48. Nb7 a4 49. a3 Nxa3
50. Nc5 Nb5 51. Nxa4 h5 52. f4 Kf6 53. fxg5+ Kxg5 54. Kh3 h4 55. g3 hxg3
56. Kxg3 Kf5 57. Kf3 Kg5 58. Ke3 Kg4 59. Kd3 Kf5 60. Nc5 Kf6 61. Kc2 Ke7
62. Kb3 Kd6 63. Kb4 Kc6 64. Ne6 Nd6 65. Nf4 Nf5 66. Nd3 Ne3 67. Ne5+ Kd6
68. Kb5 Nd1 69. c4 dxc4 70. Kxc4 Ne3+ 71. Kd3 Nf5 72. Nc4+ Kd5 73. Ne3+
Nxe3 74. Kxe3 Kd6 75. Ke4 Ke6 76. d5+ Kd6 77. Kd4 Kd7 78. Ke5 Ke7 79. d6+
Kd7 80. Kd5 Kd8 81. Ke5 Kd7 82. Kd5 Kd8 83. Kc6 Kc8 84. d7+ Kd8 85. Kd6
1/2-1/2

[Event "Najdorf Memorial"]
[Site "Warsaw POL"]
[Date "2024.07.15"]
[Round "7.50"]
[White "Wadelek, Karol"]
[Black "Bednarska-bzdega, Malgorzata"]
[Result "1-0"]
[WhiteElo "1974"]
[BlackElo "1956"]

1. d4 Nf6 2. Nc3 d5 3. Bf4 c5 4. e3 cxd4 5. exd4 a6 6. Nf3 Bg4 7. h3 Bxf3
8. Qxf3 Nc6 9. O-O-O e6 10. g4 Bd6 11. Bxd6 Qxd6 12. g5 Nd7 13. h4 O-O-O
14. Qxf7 Rdf8 15. Qxg7 Qf4+ 16. Kb1 Rfg8 17. Qh6 Nxd4 18. Bd3 Qf7 19. Be2
Nxe2 20. Nxe2 Ne5 21. Nd4 Ng4 22. g6 Rxg6 23. Qd2 e5 24. Nb3 Rd8 25. h5 Rf6
26. Rhf1 Rxf2 27. Rxf2 Qxf2 28. Qb4 Ne3 29. Rc1 Nc4 30. Nc5 Qf7 31. b3 Ne3
32. Rg1 Qc7 33. c3 a5 34. Qb5 Qc6 35. Qxa5 Nf5 36. Rg5 Nd6 37. Rg7 b6 38.
Qa6+ Kb8 39. Qa7+ Kc8 40. Qa6+ Kb8 41. Qa7+ Kc8 42. Ne6 Nb5 43. Qa6+ Kb8
44. Nxd8 Nxc3+ 45. Ka1 1-0

[Event "Najdorf Memorial"]
[Site "Warsaw POL"]
[Date "2024.07.15"]
[Round "7.51"]
[White "Charvi, A"]
[Black "Slomczewski, Michal"]
[Result "1-0"]
[WhiteElo "1960"]
[BlackElo "2081"]

1. e4 d6 2. d4 Nf6 3. Nc3 Nbd7 4. Nf3 e5 5. Be2 Be7 6. O-O c6 7. a4 a5 8.
Re1 Qc7 9. h3 h6 10. b3 Nf8 11. Bb2 Be6 12. Bc4 Rd8 13. Qe2 Ng6 14. Bxe6
fxe6 15. dxe5 dxe5 16. Qc4 Qc8 17. Ne2 Bd6 18. Nc1 Ke7 19. Nd3 Nd7 20. h4
Rdf8 21. h5 Rxf3 22. hxg6 Rf6 23. f4 Nb6 24. Qc3 Rxg6 25. fxe5 Bc7 26. Qc5+
Kf7 27. Rf1+ Kg8 28. Qe7 Kh7 29. Qf7 Re8 30. Rf6 Rg4 31. Bc1 Kh8 32. Qh5
gxf6 33. Qxg4 Re7 34. Qg6 Rh7 35. Qxf6+ Kg8 36. Bxh6 Qe8 37. Nc5 Bxe5 38.
Qg5+ Bg7 39. Rd1 Nd5 40. exd5 Rxh6 41. dxe6 Rh5 42. Qd8 1-0

[Event "Najdorf Memorial"]
[Site "Warsaw POL"]
[Date "2024.07.15"]
[Round "7.52"]
[White "Van Der Veen, Ronald"]
[Black "Wieckowski, Michal"]
[Result "0-1"]
[WhiteElo "2003"]
[BlackElo "1964"]

1. d4 Nf6 2. c4 c5 3. d5 g6 4. Nc3 Bg7 5. e4 d6 6. Be2 O-O 7. f4 e6 8. e5
dxe5 9. fxe5 Nfd7 10. Nf3 Nxe5 11. O-O f5 12. Be3 Na6 13. Qd2 Nxf3+ 14.
Bxf3 e5 15. Rad1 e4 16. Be2 b6 17. a3 Bd7 18. Na2 Rc8 19. b4 Qf6 20. Rb1
Rf7 21. Kh1 Qd6 22. g3 Be5 23. Bh6 Re8 24. Rb3 Bd4 25. Bf4 Qf6 26. b5 Nb8
27. Nc1 Qe7 28. Bg5 Bf6 29. Bxf6 Qxf6 30. Kg2 Bc8 31. Qf4 Nd7 32. Re3 g5
33. Qf2 Ree7 34. Bh5 Rf8 35. Qc2 Qd4 36. Ree1 Ne5 37. Be2 f4 38. Nb3 f3+
39. Kh1 Qe3 40. Bxf3 Qxe1 41. Rxe1 exf3 42. Qd2 f2 43. Rf1 Bh3 44. Rxf2
Rxf2 45. Qxf2 Rf7 46. Qxf7+ Kxf7 47. Nd2 Bf5 48. Kg2 Bd3 49. Nf3 Be4 0-1

[Event "Najdorf Memorial"]
[Site "Warsaw POL"]
[Date "2024.07.15"]
[Round "7.53"]
[White "Polak, Michal"]
[Black "Jurasz, Antoni"]
[Result "1-0"]
[WhiteElo "1997"]
[BlackElo "1992"]

1. e4 c6 2. d4 d5 3. Nc3 dxe4 4. Nxe4 Nf6 5. Nxf6+ gxf6 6. Nf3 Bg4 7. c3 e6
8. h3 Bh5 9. g4 Bg6 10. Bg2 Bd6 11. Bh6 Nd7 12. Qe2 Qa5 13. h4 f5 14. h5
fxg4 15. hxg6 gxf3 16. gxf7+ Kxf7 17. Bxf3 Nf6 18. a3 Qa4 19. Bh5+ Ke7 20.
Bg7 Rhf8 21. Bf3 Rg8 22. Bxf6+ Kxf6 23. Bg4 Qb3 24. Rxh7 Qd5 25. c4 Qa5+
26. Kf1 Rg6 1-0

[Event "Najdorf Memorial"]
[Site "Warsaw POL"]
[Date "2024.07.16"]
[Round "8.1"]
[White "Sengupta, Deep"]
[Black "Rozentalis, Eduardas"]
[Result "1/2-1/2"]
[WhiteElo "2491"]
[BlackElo "2480"]

1. e4 e5 2. Nf3 Nf6 3. d4 Nxe4 4. Bd3 d5 5. Nxe5 Nd7 6. O-O Nxe5 7. dxe5
Nc5 8. f4 Nxd3 9. Qxd3 g6 10. Be3 c6 11. Nc3 Bf5 12. Qd2 Be7 1/2-1/2

[Event "Najdorf Memorial"]
[Site "Warsaw POL"]
[Date "2024.07.16"]
[Round "8.2"]
[White "Krasenkow, Michal"]
[Black "Mis, Mieszko"]
[Result "1/2-1/2"]
[WhiteElo "2520"]
[BlackElo "2351"]

1. Nf3 d5 2. d4 Nf6 3. c4 e6 4. e3 Be7 5. Nc3 O-O 6. a3 b6 7. cxd5 exd5 8.
b4 Bb7 9. Bd3 Nbd7 10. O-O c5 11. bxc5 bxc5 12. Rb1 Rb8 13. Ne5 cxd4 14.
exd4 Nxe5 15. dxe5 Ne4 16. Qc2 Qa5 17. Nxe4 dxe4 18. Bxe4 Bxe4 19. Qxe4
1/2-1/2

[Event "Najdorf Memorial"]
[Site "Warsaw POL"]
[Date "2024.07.16"]
[Round "8.3"]
[White "Deszczynski, Adam"]
[Black "Jarmula, Lukasz"]
[Result "0-1"]
[WhiteElo "2305"]
[BlackElo "2432"]

1. e4 d5 2. exd5 Qxd5 3. Nc3 Qd6 4. d4 Nf6 5. Nf3 c6 6. g3 Bf5 7. Bg2 h6 8.
O-O e6 9. Ne5 Be7 10. a3 O-O 11. Bf4 Qd8 12. g4 Bh7 13. Bg3 Nbd7 14. Qe2
Nd5 15. Nc4 N7f6 16. Ne5 Rc8 17. Nd1 b5 18. a4 b4 19. Ne3 c5 20. Nxd5 Nxd5
21. Rfd1 cxd4 22. Rxd4 Rxc2 23. Qb5 Bc5 24. Rc4 Qb6 25. Rxc2 Qxb5 26. axb5
Bxc2 27. Nd7 Rc8 28. Nxc5 Rxc5 29. Rxa7 Rxb5 30. h3 b3 31. Bf1 Rb4 32. Ra8+
Kh7 33. Ra7 Bg6 34. Bd6 Rb6 35. Be5 h5 36. Bc4 Rb4 37. Bxd5 exd5 38. f3
hxg4 39. hxg4 d4 40. Rd7 d3 41. Kf2 Rc4 42. Rc7 Ra4 43. Bc3 Ra1 44. f4 Rc1
45. Ke3 Be4 46. Rxf7 Rxc3 47. Kxe4 d2 48. Rd7 Rc2 49. Ke3 Rxb2 50. Rxd2 Rb1
51. Kd3 Rg1 52. g5 Kg6 53. Ke4 Re1+ 54. Kf3 Rb1 55. Rd6+ Kf5 56. Rd5+ Ke6
57. Rb5 g6 58. Ke4 b2 59. Rb6+ Kd7 60. Kd3 Rd1+ 61. Kc2 b1=Q+ 62. Rxb1 Rxb1
63. Kxb1 Ke6 64. Kc2 Kf5 65. Kd3 Kxf4 66. Ke2 Kxg5 67. Kf3 Kh4 0-1

[Event "Najdorf Memorial"]
[Site "Warsaw POL"]
[Date "2024.07.16"]
[Round "8.4"]
[White "Kazakouski, Valery"]
[Black "Zawadzka, Jolanta"]
[Result "1-0"]
[WhiteElo "2603"]
[BlackElo "2349"]

1. e4 e5 2. Nf3 Nc6 3. Bc4 Nf6 4. d3 d5 5. exd5 Nxd5 6. O-O Be7 7. Re1 f6
8. d4 Nb6 9. Bb5 O-O 10. Bxc6 bxc6 11. h3 exd4 12. Nxd4 Qd7 13. Nc3 Bb4 14.
Bf4 Nc4 15. a3 Ba5 16. b4 Bb6 17. Nb3 Qxd1 18. Rexd1 Bf5 19. Nd4 Bg6 20.
Nxc6 Rfe8 21. a4 a5 22. b5 Bxc2 23. Rd7 Kh8 24. Nd5 Re2 25. Nxb6 Nxb6 26.
Rd4 Bxa4 27. Rdxa4 Nxa4 28. Rxa4 Rb2 29. Nd4 Ra7 30. Be3 h6 31. Nc6 Rb7 32.
Na7 Kh7 33. Rxa5 Kg6 34. Ra4 Rb3 35. g3 Kf7 36. Kg2 Rb1 37. Kf3 g5 38. Ke4
Rd1 39. Ra5 Rb8 40. Nc6 Re8+ 41. Kf3 Rd5 42. Nd4 Red8 43. Ra4 R8d7 44. g4
Kg6 45. Rc4 Kf7 46. Rb4 Kg6 47. Nf5 h5 48. Bd4 hxg4+ 49. hxg4 Rh7 50. Ke4
Rd8 51. Rc4 Re8+ 52. Kd3 Re6 53. Ne3 Rd7 54. Rc5 Red6 55. Nf5 Re6 56. f3
Rh7 57. Kc4 Re1 58. Rc6 Rf7 59. Ne3 Rc1+ 60. Bc3 Kh7 61. Nd5 f5 62. Nf6+
Kg7 63. Ne4+ Kf8 64. Nxg5 Re7 65. Ne6+ Ke8 66. gxf5 1-0

[Event "Najdorf Memorial"]
[Site "Warsaw POL"]
[Date "2024.07.16"]
[Round "8.5"]
[White "Markowski, Tomasz"]
[Black "Janeczko, Jakub"]
[Result "1/2-1/2"]
[WhiteElo "2503"]
[BlackElo "2246"]

1. d4 Nf6 2. c4 c5 3. d5 b5 4. Nf3 b4 5. Qc2 g6 6. e4 d6 7. Bd3 Bg7 8. O-O
O-O 9. h3 a5 10. a3 Nbd7 11. Be3 e6 12. Nbd2 Re8 13. dxe6 fxe6 14. e5 dxe5
15. axb4 cxb4 16. c5 Nd5 17. Bg5 Qc7 18. Ne4 Ba6 19. Rfc1 Bxd3 20. Qxd3 Qc6
21. Nfd2 a4 22. Nd6 Rf8 23. N2e4 Ra5 24. h4 Nxc5 25. Qh3 Qd7 26. Nxc5 Rxc5
27. Rxc5 Qxd6 28. Rc4 e4 29. Rb1 a3 30. bxa3 bxa3 31. Qb3 Ra8 32. Ra4 Qc6
33. Rxa8+ Qxa8 34. Qb8+ Qxb8 35. Rxb8+ Kf7 36. Rb7+ Kf8 37. Rb8+ Kf7
1/2-1/2

[Event "Najdorf Memorial"]
[Site "Warsaw POL"]
[Date "2024.07.16"]
[Round "8.6"]
[White "Chomczyk, Marek"]
[Black "Cukrowski, Filip"]
[Result "1-0"]
[WhiteElo "2297"]
[BlackElo "2403"]

1. c4 Nf6 2. g3 g6 3. Bg2 Bg7 4. Nc3 O-O 5. d4 d6 6. h3 c5 7. e3 Nc6 8.
Nge2 Bd7 9. O-O a6 10. b3 Rb8 11. a4 b6 12. Bb2 Na5 13. Qc2 e6 14. Rfd1 Qc7
15. Rd2 Rfc8 16. Ne4 Nxe4 17. Bxe4 b5 18. axb5 axb5 19. Bc3 b4 20. Bb2 d5
21. cxd5 c4 22. bxc4 Nxc4 23. Rdd1 Qd6 24. Qb3 exd5 25. Bg2 Bh6 26. Ra7 Bf5
27. Rda1 Nb6 28. e4 Be6 29. e5 Qc6 30. Bc1 Bxc1 31. Rxc1 Qb5 32. Bf1 Nc4
33. Ra2 Na5 34. Rxc8+ Bxc8 35. Qf3 Ba6 36. Ra1 Nc4 37. Qf6 Rb6 38. Qd8+ Kg7
39. Nf4 Bb7 40. Rb1 Qc6 41. Bxc4 dxc4 42. d5 Qc5 43. e6 fxe6 44. Qd7+ Kf6
45. dxe6 Qc6 46. Qf7+ Kg5 47. Kh2 Qc5 48. Nd5 Kh6 49. Nxb6 c3 50. Nd7 Qd6
51. Rd1 Bd5 52. Rxd5 Qxd5 53. Qf8+ Kg5 54. Qf4+ Kh5 55. Qh4# 1-0

[Event "Najdorf Memorial"]
[Site "Warsaw POL"]
[Date "2024.07.16"]
[Round "8.7"]
[White "Dzida, Kamil"]
[Black "Kowalczyk, Rafal"]
[Result "1-0"]
[WhiteElo "2385"]
[BlackElo "2185"]

1. e4 e5 2. Nf3 Nc6 3. Bb5 a6 4. Ba4 Nf6 5. O-O Be7 6. d3 d6 7. Bd2 O-O 8.
h3 Nd7 9. c3 Nc5 10. Bc2 f5 11. b4 fxe4 12. dxe4 Ne6 13. a4 Qe8 14. Na3 Nf4
15. Bxf4 exf4 16. Nc4 Be6 17. Bb3 Qf7 18. Ncd2 Bf6 19. Bxe6 Qxe6 20. Rc1
Rad8 21. Re1 Rfe8 22. a5 Qf7 23. Qa4 Ne5 24. Nxe5 Rxe5 25. Nf3 Rh5 26. c4
c6 27. c5 dxc5 28. e5 Be7 29. bxc5 Rd5 30. Qb4 Bf8 31. e6 Qe7 32. Rb1 Rh6
33. Qxb7 Rxe6 34. Rxe6 Qxe6 35. Qxa6 Bxc5 36. Qa8+ Kf7 37. Qb7+ Kg6 38. Re1
Qd6 39. a6 Rd1 40. Ne5+ Kh6 41. Nf7+ Kh5 42. Nxd6 Rxe1+ 43. Kh2 Bxf2 44.
Qf7+ g6 45. g4+ Kg5 46. Kg2 Bg3 47. Qc4 1-0

[Event "Najdorf Memorial"]
[Site "Warsaw POL"]
[Date "2024.07.16"]
[Round "8.8"]
[White "Kondys, Piotr"]
[Black "Fiszer, Bartosz"]
[Result "0-1"]
[WhiteElo "2089"]
[BlackElo "2335"]

1. e4 c5 2. Nf3 d6 3. d4 cxd4 4. Qxd4 Nf6 5. Be2 Nc6 6. Qe3 g6 7. O-O Bg7
8. h3 O-O 9. c4 Nd7 10. Nc3 Qb6 11. Qg5 Nde5 12. Nxe5 dxe5 13. Rd1 e6 14.
b3 Nd4 15. Ba3 Re8 16. Bd3 Bd7 17. Ne2 Nc6 18. Bd6 Bf8 19. c5 Qa5 20. Bc4
Rad8 21. Qe3 Bc8 22. a3 Bxd6 23. cxd6 Bd7 24. b4 Qb6 25. Qg5 Rc8 26. Rac1
Qd8 27. Qe3 Kg7 28. Ba2 Qb6 29. Qc3 Nd4 30. Qb2 Rxc1 31. Rxc1 Qxd6 32. Kh2
Bc6 33. f3 Rd8 34. Nc3 h5 35. Rd1 h4 36. Qf2 Qe7 37. Qe3 g5 38. Rd3 Qf6 39.
Kh1 Rc8 40. Nd1 Bb5 41. Rc3 Rd8 42. Nf2 b6 43. Rc7 Rd7 44. Rxd7 Bxd7 45.
Nd3 Bb5 46. Nb2 Qf4 47. Qxf4 exf4 48. a4 Bd7 49. b5 Ne2 50. Bc4 Nc3 51. Bb3
Kf6 52. Nd3 e5 53. Kg1 Be6 54. Bc2 Ne2+ 55. Kf2 Nd4 56. Bd1 Bc4 57. Nb2 Ba2
58. Ke1 Ke6 59. Kd2 f5 60. Kc3 Kd6 61. Nd3 Be6 62. Nf2 Bc8 63. Kb4 Bb7 64.
Kc4 a6 65. Kb4 axb5 66. axb5 Bc8 67. Kc4 Be6+ 68. Kb4 Ke7 69. Nd3 fxe4 70.
fxe4 f3 71. gxf3 Bxh3 72. Nxe5 Bd7 73. Kc3 Nxb5+ 74. Kd2 Ke6 75. Ng4 Kd6
76. Nf2 Nd4 77. Ke3 Ne6 78. Nh3 Ke5 79. Bb3 Nc5 80. Nxg5 Nxb3 81. f4+ Kf6
82. Kf3 b5 83. e5+ Kf5 84. Nf7 Nd4+ 85. Ke3 h3 86. Nd6+ Ke6 87. Kf2 Bc6 88.
Kg3 Nf5+ 0-1

[Event "Najdorf Memorial"]
[Site "Warsaw POL"]
[Date "2024.07.16"]
[Round "8.10"]
[White "Wiech, Grzegorz"]
[Black "Kokoszczynski, Jan"]
[Result "0-1"]
[WhiteElo "2106"]
[BlackElo "2314"]

1. e4 e5 2. Nf3 Nc6 3. Bc4 Nf6 4. d3 Be7 5. c3 O-O 6. O-O d6 7. Nbd2 Na5 8.
Bb5 a6 9. Ba4 b5 10. Bc2 c5 11. Re1 Nc6 12. Nf1 Re8 13. a4 b4 14. h3 Bf8
15. Bg5 h6 16. Be3 Rb8 17. Ng3 d5 18. d4 exd4 19. Bf4 dxe4 20. Nxe4 Nxe4
21. Bxe4 Bd6 22. Bxd6 Qxd6 23. Bxc6 Qxc6 24. cxd4 Rxe1+ 25. Qxe1 Be6 26.
dxc5 Qxc5 27. Rc1 Qb6 28. Qe5 Rd8 29. a5 Qd6 30. Qe3 b3 31. Qb6 Qd3 32. Kh2
Rd6 33. Qb8+ Kh7 34. Rc3 Qd5 35. Re3 Rd8 36. Qb6 Qd6+ 37. Re5 Qxb6 38. axb6
Rb8 39. Nd4 Rxb6 40. Nxe6 Rxe6 41. Ra5 Re2 42. Kg3 Rxb2 43. Rxa6 Rc2 44.
Rb6 b2 45. h4 h5 46. Kf3 g6 47. g3 Kg7 48. Ke3 Kf8 49. Rb7 Ke8 50. f3 Kd8
51. g4 Kc8 52. Rb5 Kd7 53. gxh5 gxh5 54. Kf4 Kc6 55. Rb8 Rd2 56. Ke3 Rh2
57. Kf4 Rc2 58. Rb3 Rd2 59. Ke3 Rg2 60. Kf4 Kc5 61. Kf5 Kc4 62. Rb8 Kc3 63.
Rc8+ Kd2 64. Rb8 Kc1 65. Kf6 b1=Q 66. Rxb1+ Kxb1 67. Kxf7 Rh2 0-1

[Event "Najdorf Memorial"]
[Site "Warsaw POL"]
[Date "2024.07.16"]
[Round "8.11"]
[White "Sriram, Jha"]
[Black "Pujari, Rucha"]
[Result "1/2-1/2"]
[WhiteElo "2304"]
[BlackElo "2173"]

1. d4 d5 2. c4 e6 3. Nc3 Nf6 4. cxd5 exd5 5. Bg5 c6 6. e3 Bd6 7. Bd3 O-O 8.
Nf3 h6 9. Bh4 Be6 10. Ne5 c5 11. O-O Nc6 12. Nxc6 bxc6 13. dxc5 Bxc5 14.
Na4 Bd6 15. Rc1 Rc8 16. Nc5 Qb6 17. Na4 Qd8 18. Nc5 Qb6 19. Nxe6 fxe6 20.
b3 Qb4 21. Bg3 Bxg3 22. hxg3 c5 23. Qe2 a5 24. e4 a4 25. exd5 exd5 26. Bf5
Rce8 27. Qc2 axb3 28. axb3 Re5 29. f4 Re3 30. Qxc5 Qxc5 31. Rxc5 Rxg3 32.
Be6+ Kh8 33. Bxd5 Nxd5 34. Rxd5 1/2-1/2

[Event "Najdorf Memorial"]
[Site "Warsaw POL"]
[Date "2024.07.16"]
[Round "8.12"]
[White "Jasiulewicz, Dawid"]
[Black "Mulawa, Cyprian"]
[Result "1/2-1/2"]
[WhiteElo "2073"]
[BlackElo "2302"]

1. d4 Nf6 2. Nf3 c5 3. d5 b5 4. c4 b4 5. Nbd2 g6 6. e4 d6 7. a3 a5 8. axb4
cxb4 9. c5 dxc5 10. Bb5+ Bd7 11. Bc4 Bg7 12. e5 Ng4 13. Qe2 O-O 14. h3 Nh6
15. Ne4 Nf5 16. g4 Nd4 17. Nxd4 cxd4 18. Bf4 Qb6 19. O-O a4 20. d6 e6 21.
g5 Nc6 22. Nf6+ Bxf6 23. gxf6 Ra5 24. Bd3 Rfa8 25. h4 Rc5 26. Rfc1 Rxc1+
27. Rxc1 a3 28. bxa3 bxa3 29. Qg4 a2 30. Qg5 Qd8 31. h5 Qe8 32. hxg6 fxg6
33. Ra1 Ra3 34. Bc4 d3 35. Rxa2 Rxa2 36. Bxa2 Nd4 37. Qh6 Nf5 38. Qh1 Qc8
39. Qe4 Qc2 40. Qa8+ Kf7 41. Qa7 Qd1+ 42. Kh2 Qh5+ 43. Kg1 Qd1+ 44. Kh2
1/2-1/2

[Event "Najdorf Memorial"]
[Site "Warsaw POL"]
[Date "2024.07.16"]
[Round "8.13"]
[White "Krawczyk, Wojciech"]
[Black "Koziorowicz, Michal"]
[Result "0-1"]
[WhiteElo "2072"]
[BlackElo "2285"]

1. c4 e5 2. g3 Nf6 3. Bg2 c6 4. Nc3 d5 5. d4 exd4 6. Qxd4 dxc4 7. Qxc4 Be6
8. Qa4 Nbd7 9. Nf3 Nc5 10. Qc2 h6 11. O-O Be7 12. Rd1 Qc8 13. Nd4 Bh3 14.
Be3 O-O 15. Bf3 Re8 16. Rac1 a5 17. Na4 Nxa4 18. Qxa4 Ng4 19. Bf4 Bf6 20.
Rc5 Ne5 21. Bh1 Ng6 22. Be3 Rd8 23. Be4 Ne5 24. Rdc1 Ng4 25. Bf5 Qc7 26.
Ne6 fxe6 27. Bxe6+ Kh8 28. Bxg4 Bxg4 29. Qxg4 Bxb2 30. Rb1 Be5 31. Qf5 Bd4
32. Bf4 Qe7 33. Rc2 Rd5 34. Qg6 Rf8 35. e3 Be5 36. Bxe5 Rxe5 37. Rb6 Rxe3
38. Rcb2 Re6 39. Qg4 Re4 40. Qh5 Re1+ 41. Kg2 Qe4+ 42. Kh3 Qe6+ 43. Kg2 Rf5
44. Qg4 Qd5+ 45. f3 h5 46. Qg6 Qxf3+ 47. Kh3 Qf1+ 48. Rg2 Re2 49. Qe8+ Rxe8
0-1